000 01723nam0a2200373 4500
001 RU\NLR\BIBL_A\012027400
005 20250128194045.0
010 _a978-5-00066-161-1
_93000
021 _aRU
_bКН-П-19-032385
_9КН-П-19-2408
021 _aRU
_bКН-П-23-000433
_9КН-П-23-0038
035 _a(NLR Aleph) 012027400
035 _a(RuMoRGB)009975051
090 _a13422770
_c13422770
100 _a20190603d2019 u y0rusy50 ca
101 0 _arus
_ainh
_aara
102 _aRU
105 _ay|||z|||000zy
200 1 _aДевяносто девять имен Аллаха и мольбы Пророка Мухаммада, да благословит его Аллах и приветствует, на ингушском языке
_f[составители: Тангиев Хамзат Ясакович, Тангиев Алихан Иссаевич]
210 _aНальчик
_cТетраграф
_d2019
215 _a199 с.
_d15
300 _aНа обл.: Аллахlа езткъе ткъеста цlерий маlанаши Мухьаммад Пайхамара дуlаши
300 _aТекст араб., инг., рус.
512 1 _aАллахlа езткъе ткъеста цlерий маlанаши Мухьаммад Пайхамара дуlаши
606 1 _aМолитвы мусульманские
_2nlr_sh1
_2nlr_sh2
_3RU\NLR\AUTH\661286398
686 2 _aЭ38-503.11
702 1 _aТангиев
_bХ.Я.
_gХамзат Ясакович
_4220
852 _aNLR
_bОНЛ
_jИнгуш./1-39
942 _cBOOK
980 _aNBR
980 _aNB